Služby v systému národních výborů

Na minha lista:
Detalhes bibliográficos
Autor principal: Termer, Pavel
Autor Corporativo: Vysoká škola ekonomická v Praze. Obchodní fakulta
Formato: Livro
Idioma:tcheco
Publicado em: Praha Státní nakladatelství technické literatury 1989
Edição:1. vyd.
Tags: Adicionar Tag
Sem tags, seja o primeiro a adicionar uma tag!

MARC

LEADER 00000nam a2200000 4500
001 c034758
005 20221215120713.2
041 0 |a cze 
044 |a CZ 
245 1 0 |a Služby v systému národních výborů  |c Pavel Termer a kol. 
250 |a 1. vyd. 
264 1 |a Praha  |b Státní nakladatelství technické literatury  |c 1989 
300 |a 166 s. 
100 1 |a Termer, Pavel 
710 2 |a Vysoká škola ekonomická v Praze. Obchodní fakulta